| 000 | 00468nam a22001577a 4500 | ||
|---|---|---|---|
| 005 | 20240807081119.0 | ||
| 008 | 240807b |||||||| |||| 00| 0 eng d | ||
| 041 | _aEnglish | ||
| 082 | _a349 TRA | ||
| 100 | _lEnglish | ||
| 245 | _aTransvaal Law Reports: High Court | ||
| 260 |
_aGrahamstown, Cape Colony: _bAfrican Book Company Ltd, _c1906 |
||
| 300 |
_bviii, 390 pages; _c25 cm. |
||
| 650 |
_aLegal practice _bLaw |
||
| 942 |
_cBK _6ALISON_BN_VRIES |
||
| 999 |
_c2470 _d2470 |
||